Christmas Movies by Main Villains - Statistics

General Stats
  • This quiz has been taken 54 times
  • The average score is 9 of 16
Answer Stats
Picture Hint Answer % Correct
Jim Carrey How the Grinch Stole Christmas
100%
Joe Pesci, Daniel Stern Home Alone
94%
Frank Welker Gremlins
83%
Tim Allen The Santa Clause 2
74%
Alan Rickman Die Hard
72%
Tony Cox Bad Santa
68%
Jim Carrey Disney's A Christmas Carol
68%
Lionel Barrymore It's a Wonderful Life
68%
Ken Page The Nightmare Before Christmas
66%
Scott MacDonald Jack Frost
47%
Sinbad Jingle All the Way
45%
Jude Law Rise of the Guardians
28%
Tilda Swinton The Chronicles of Narnia: The Lion, the Witch and the Wardrobe
28%
Julian Dennison The Christmas Chronicles 2
23%
Kiernan Shipka Red One
21%
John Leguizamo Violent Night
6%
No matching quizzes found
Score Distribution
Percent of People with Each Score
Percentile by Number Answered
Your Score History
You have not taken this quiz